000 00735nam a2200229Ia 4500
003 OSt
005 20220923220823.0
006 a|||||r|||| 00| 0
007 ta
008 220922b |||||||| |||| 00| 0 hin d
024 _a190,930
037 _cTextual
040 _aARTS
_cARTS
_bhin
041 _2hin
_ahin
082 _aR65:6, 152J3;1
100 _aज्ञानेश्वर
245 0 _aहिन्दी-ज्ञानेश्वरी, अनु रघुनाथ माघव भगाडे़
246 _aHindī-jnyāneshvarī, anu0 raghunāth māghav bhagāḍe़
260 _c1953
942 _hR65:6, 152J3;1
_cTEXL
_2CC
999 _c343651
_d343651